000 00422nam a2200157Ia 4500
008 230711s9999||||xx |||||||||||||| ||und||
020 _a81-7041-964-6
041 _aASM
082 _a338.1
_bSH-A
100 _aSharma,Shyam sunder pd.
245 0 _aAgricultural Planning in India: a Critical Evaluation
260 _c2022
_aNew Delhi
_bAnmol Publication(P) Ltd.
300 _a182p.
650 _aAgriculture
942 _cBK
999 _c7524
_d7524